UBT Library

Conflict after the Cold War : (Record no. 203)

000 -LEADER
fixed length control field 00645cam a2200217 a 4500
005 - DATE AND TIME OF LATEST TRANSACTION
control field 20131029100536.0
008 - FIXED-LENGTH DATA ELEMENTS--GENERAL INFORMATION
fixed length control field 930325s1994 mau b 000 0 eng
020 ## - INTERNATIONAL STANDARD BOOK NUMBER
International Standard Book Number 0023091916
041 0# - LANGUAGE CODE
Language code of text/sound track or separate title eng
080 ## - UNIVERSAL DECIMAL CLASSIFICATION NUMBER
Universal Decimal Classification number 303
245 00 - TITLE STATEMENT
Title Conflict after the Cold War :
Statement of responsibility, etc edited by Richard K. Betts.
260 ## -
-- Boston :
-- Allyn and Bacon,
-- c1994.
300 ## -
-- vii, 520 p. ;
-- 23 cm.
500 ## -
-- Preface : f. III-IV
504 ## - BIBLIOGRAPHY, ETC. NOTE
Bibliography, etc Includes bibliographical references.
650 #0 -
-- Politika botërore
-- 1989-
650 #0 -
-- Lufta
650 #0 -
-- Paqja
700 1# -
-- Betts, Richard K.,
-- 1947-
942 ## - ADDED ENTRY ELEMENTS (KOHA)
Source of classification or shelving scheme
Item type Books
Holdings
Withdrawn status Lost status Source of classification or shelving scheme Damaged status Not for loan Collection code Permanent location Current location Shelving location Date acquired Total Checkouts Full call number Barcode Date last seen Koha item type
          Koleksioni i përgjithshem UBT - Prishtine UBT - Prishtine Koleksioni i përgjithshem 10/29/2013   303 BET 001-000226 10/29/2013 Books
UBT Library © 2015-2024. All rights reserved University Education for Business and Technology